Tondelli tour /

I tiakina i:
Ngā taipitopito rārangi puna kōrero
Ētahi atu kaituhi: Panzeri, Fulvio
Hōputu: Pukapuka
Reo:Itāriana
I whakaputaina: Milano : Bompiani, 2003
Ngā Tūtohu: Tāpirihia he Tūtohu
Kāore He Tūtohu, Me noho koe te mea tuatahi ki te tūtohu i tēnei pūkete!

MARC

LEADER 00000nam a22000007ib4500
001 IT\ICCU\RAV\1090430
003 ItRI
005 20260115231913.0
008 030321s2003 it |||||| ||||| |||||c
020 |a 8845253341 
040 |b ita  |c importazione bologna sebina 
041 7 |a ita  |2 ISO-639-2 
245 0 0 |a Tondelli tour /  |c a cura di Fulvio Panzeri. 
260 |a Milano :  |b Bompiani,  |c 2003 
300 |a 395 p. :  |b ill. ;  |c 21 cm. 
700 1 |a Panzeri, Fulvio  |0 IT\ICCU\CFIV\085508 
773 0 |w IT\ICCU\VEA\0010618  |t Panta  |g 20 
942 |2 ddc  |c BK  |n 0 
952 |0 0  |1 0  |4 0  |6 DOC_853_914000000000000_PAN  |7 0  |9 15987  |a BO  |b BO  |d 2026-01-15  |i 7379  |l 0  |o DOC 853.914 PAN  |p BO7379  |r 2026-01-15 23:19:13  |w 2026-01-15  |x [Sebina 5] [1 v.]  |y BK  |z 1 v. 
999 |c 13743  |d 13743